[Event "V Floripa Chess Open 2019"]
[Site "Florianopolis/SC"]
[Date "2019.01.23"]
[Round "4.99"]
[White "Caldeira, Adriano"]
[Black "Melo, Gabrieli De"]
[Result "1-0"]
[WhiteElo "2157"]
[BlackElo "1755"]
[PlyCount "125"]
[EventDate "2019.01.21"]
[EventRounds "10"]
[EventCountry "BRA"]

1. e4 c5 2. Nf3 Nc6 3. d4 cxd4 4. Nxd4 Nf6 5. Nc3 d6 6. Bg5 e6 7. Qd2 Nxd4 8. Qxd4 Be7 9. O-O-O O-O 10. f3 Qa5 11. h4 Rd8 12. Kb1 h6 13. Be3 Nh5 14. Ne2 Bf6 15. Qd2 Qxd2 16. Bxd2 Be7 17. g4 Nf6 18. g5 hxg5 19. hxg5 Nd7 20. f4 g6 21. Bc3 e5 22. Ng3 f6 23. Bc4+ Kg7 24. gxf6+ Nxf6 25. fxe5 dxe5 26. Rxd8 Bxd8 27. Bxe5 Bd7 28. Rg1 Kh8 29. Rf1 Kg7 30. Bc3 Bc6 31. e5 Nd5 32. Bd4 Bb6 33. Bxb6 Nxb6 34. Rf7+ Kh6 35. Bd3 Nd7 36. Re7 Nc5 37. Ne2 Rd8 38. Nf4 Kg5 39. Rf7 Be4 40. b4 Nxd3 41. Ne6+ Kg4 42. Nxd8 Nxe5 43. Re7 Kf5 44. Nxb7 Kf6 45. Rc7 g5 46. Nc5 Bf5 47. Kc1 g4 48. Kd2 g3 49. Ke3 g2 50. Kf2 Bh3 51. Ne4+ Kf5 52. Nd2 Ng4+ 53. Kg1 Ne5 54. Rh7 Kg4 55. a4 Nc6 56. Ne4 Kf5 57. b5 Nd4 58. Rxh3 Ne2+ 59. Kxg2 Nf4+ 60. Kg3 Nxh3 61. Kxh3 Kxe4 62. Kg4 Kd5 63. c4+ 1-0

[Event "V Floripa Chess Open 2019"]
[Site "Florianopolis/SC"]
[Date "2019.01.23"]
[Round "4.101"]
[White "Campos, Alexandre Ferreira"]
[Black "Benevenga, Antonio"]
[Result "1-0"]
[WhiteElo "2073"]
[BlackElo "1692"]
[PlyCount "71"]
[EventDate "2019.01.21"]
[EventRounds "10"]
[EventCountry "BRA"]

1. g3 Nf6 2. f4 g6 3. Bg2 Bg7 4. e4 d6 5. d4 O-O 6. c3 e5 7. Ne2 Re8 8. fxe5 dxe5 9. O-O exd4 10. Nxd4 Nxe4 11. Nb5 Nd6 12. N1a3 Na6 13. Nxd6 cxd6 14. Qd5 Qc7 15. Nb5 Qc5+ 16. Kh1 Be6 17. Qxc5 dxc5 18. Bxb7 Rab8 19. Bxa6 Bc4 20. Bf4 Rb6 21. Nd6 Bxa6 22. Nxe8 Rxb2 23. Rfb1 Bb7+ 24. Kg1 Rg2+ 25. Kf1 Bc6 26. Nxg7 Kxg7 27. h4 Kf6 28. Re1 Rc2 29. a4 Kf5 30. Re5+ Kg4 31. Rxc5 Be4 32. Ke1 Kf3 33. c4 Re2+ 34. Kd1 Bc2+ 35. Kc1 Bd3 36. Ra3 1-0

[Event "V Floripa Chess Open 2019"]
[Site "Florianopolis/SC"]
[Date "2019.01.23"]
[Round "4.102"]
[White "Da Silva, Camila Evaristo"]
[Black "Nascimento, Pedro Henrique Alve"]
[Result "0-1"]
[WhiteElo "1633"]
[BlackElo "2015"]
[PlyCount "66"]
[EventDate "2019.01.21"]
[EventRounds "10"]
[EventCountry "BRA"]

1. d4 d5 2. Bf4 Nf6 3. Nf3 c5 4. e3 Nc6 5. c3 Qb6 6. Qb3 c4 7. Qxb6 axb6 8. Nbd2 b5 9. Be2 Bf5 10. O-O b4 11. h3 h6 12. Rfe1 bxc3 13. bxc3 e6 14. a4 Be7 15. Ne5 O-O 16. Nxc6 bxc6 17. Ra2 Ra6 18. Rea1 Rfa8 19. Bd1 Bd8 20. f3 Ba5 21. Rc1 Rb6 22. Bd6 Bd3 23. Kf2 Ne8 24. Bh2 Ra7 25. e4 Rab7 26. Ra3 Rb2 27. Ke3 c5 28. dxc5 d4+ 29. cxd4 Bxd2+ 30. Kf2 Bxc1+ 31. Kg3 Rd2 32. a5 Bxa3 33. Ba4 c3 0-1

[Event "V Floripa Chess Open 2019"]
[Site "Florianopolis/SC"]
[Date "2019.01.23"]
[Round "4.103"]
[White "Lage, Pedro Ferreira"]
[Black "Lara, Diego Costa"]
[Result "1/2-1/2"]
[WhiteElo "1986"]
[BlackElo "1678"]
[PlyCount "36"]
[EventDate "2019.01.21"]
[EventRounds "10"]
[EventCountry "BRA"]

1. Nf3 e6 2. g3 b6 3. Bg2 Bb7 4. c4 Nf6 5. O-O d5 6. b3 dxc4 7. bxc4 g6 8. Ba3 c5 9. d4 Nbd7 10. Qa4 Qc7 11. Nc3 a6 12. Rab1 Be7 13. Ne5 Bxg2 14. Kxg2 O-O 15. Nxd7 Nxd7 16. Qb3 Rfb8 17. d5 e5 18. Qc2 Rb7 1/2-1/2

[Event "V Floripa Chess Open 2019"]
[Site "Florianopolis/SC"]
[Date "2019.01.23"]
[Round "4.104"]
[White "Tramontini, Renan Cesar"]
[Black "Silva, Marcelo Dos Santos"]
[Result "1-0"]
[WhiteElo "1721"]
[BlackElo "1977"]
[PlyCount "42"]
[EventDate "2019.01.21"]
[EventRounds "10"]
[EventCountry "BRA"]

1. e4 e6 2. d4 d5 3. exd5 exd5 4. c4 c6 5. Nc3 Nf6 6. cxd5 cxd5 7. Bd3 Be7 8. h3 O-O 9. Nf3 Nc6 10. O-O h6 11. Be3 Re8 12. Rc1 Bf8 13. a3 Ne4 14. Nd2 Nxc3 15. Rxc3 Qf6 16. Qf3 Qxf3 17. Nxf3 Bd6 18. Nd2 Bd7 19. Nb3 Re7 20. Rfc1 Rae8 21. Nc5 Bc8 1-0

[Event "V Floripa Chess Open 2019"]
[Site "Florianopolis/SC"]
[Date "2019.01.23"]
[Round "4.105"]
[White "Matsura, Eduardo"]
[Black "Bassani, Jaison Jose"]
[Result "0-1"]
[WhiteElo "1624"]
[BlackElo "1959"]
[PlyCount "76"]
[EventDate "2019.01.21"]
[EventRounds "10"]
[EventCountry "BRA"]

1. g3 d5 2. Bg2 Nf6 3. Nf3 e6 4. O-O Be7 5. d3 b6 6. c4 Bb7 7. b3 O-O 8. Bb2 c5 9. e3 Nbd7 10. d4 Rc8 11. cxd5 Nxd5 12. Qe2 Nb4 13. Nc3 Ba6 14. Nb5 cxd4 15. Nfxd4 Bf6 16. Rfc1 Nc5 17. Rc3 e5 18. Nf3 Nbd3 19. a4 Nxb2 20. Qxb2 Bxb5 21. axb5 e4 22. Nd4 Bxd4 23. exd4 Qxd4 24. Rc2 Nxb3 25. Qxd4 Nxd4 26. Rb2 f5 27. Rxa7 Rc1+ 28. Bf1 Rd8 29. Kg2 Nf3 30. Be2 Ne1+ 31. Kh3 Rd6 32. Kh4 Rc5 33. Ra8+ Kf7 34. Ra7+ Kf6 35. g4 f4 36. Rb4 g5+ 37. Kh5 Rc3 38. Bf1 Rdd3 0-1

[Event "V Floripa Chess Open 2019"]
[Site "Florianopolis/SC"]
[Date "2019.01.23"]
[Round "4.106"]
[White "Bastos, Guilherme Exterhott"]
[Black "Da Rosa, Henrique Jaze Simoe"]
[Result "1-0"]
[WhiteElo "1956"]
[BlackElo "1675"]
[PlyCount "83"]
[EventDate "2019.01.21"]
[EventRounds "10"]
[EventCountry "BRA"]

1. d4 d5 2. Bf4 Nf6 3. e3 c5 4. c3 e6 5. Nd2 Nc6 6. Ngf3 Be7 7. h3 b6 8. Bd3 Bb7 9. O-O O-O 10. Re1 Bd6 11. Bxd6 Qxd6 12. e4 dxe4 13. Nxe4 Nxe4 14. Bxe4 Rfd8 15. Qc2 g6 16. Rad1 cxd4 17. Nxd4 Nxd4 18. Rxd4 Qc7 19. Bxb7 Qxb7 20. Red1 Qc7 21. Qe4 Rac8 22. Qh4 Rxd4 23. Rxd4 Kg7 24. Qg5 h6 25. Qd2 Qe5 26. Rd7 Rc7 27. Rd8 Rc5 28. f4 Qe4 29. Qd6 Qe3+ 30. Kh2 g5 31. Qd4+ Qxd4 32. Rxd4 Rc7 33. Kg3 Kf6 34. Kf3 e5 35. Rd6+ Ke7 36. fxe5 Rc5 37. Ke4 Rc4+ 38. Rd4 Rc6 39. c4 a5 40. b3 Ke6 41. a3 Rc5 42. Rd6+ 1-0

[Event "V Floripa Chess Open 2019"]
[Site "Florianopolis/SC"]
[Date "2019.01.23"]
[Round "4.107"]
[White "Rodrigues, Nei Jorge"]
[Black "Tasoko, Toshinobu"]
[Result "1-0"]
[WhiteElo "1949"]
[BlackElo "1668"]
[PlyCount "43"]
[EventDate "2019.01.21"]
[EventRounds "10"]
[EventCountry "BRA"]

1. Nf3 Nf6 2. c4 g6 3. b3 Bg7 4. Bb2 O-O 5. g3 c6 6. Bg2 Na6 7. O-O Nc7 8. d4 d5 9. Nc3 b6 10. Ne5 Bb7 11. Rc1 Nd7 12. Nxc6 Bxc6 13. cxd5 Bb7 14. d6 Bxg2 15. dxc7 Qxc7 16. Kxg2 Qb7+ 17. f3 Rad8 18. e3 e5 19. d5 f5 20. e4 f4 21. Nb5 Rf6 22. Rc7 1-0

[Event "V Floripa Chess Open 2019"]
[Site "Florianopolis/SC"]
[Date "2019.01.23"]
[Round "4.108"]
[White "Bernardes, Roberto Carlos Stru"]
[Black "Ramos, Angelo Bil"]
[Result "0-1"]
[WhiteElo "1616"]
[BlackElo "1948"]
[PlyCount "97"]
[EventDate "2019.01.21"]
[EventRounds "10"]
[EventCountry "BRA"]

1. e4 c5 2. Nf3 Nc6 3. Nc3 Nf6 4. d4 cxd4 5. Nxd4 e5 6. Nf3 Bb4 7. Bd3 d5 8. exd5 Nxd5 9. Bd2 Nxc3 10. bxc3 Bd6 11. O-O O-O 12. Be4 f5 13. Bd5+ Kh8 14. Ng5 Qe8 15. f4 e4 16. Be3 Be7 17. Nh3 Qg6 18. Qe2 Be6 19. Rfd1 Bxd5 20. Rxd5 Rfd8 21. Rad1 Rxd5 22. Rxd5 Qe6 23. c4 b6 24. c3 Rd8 25. g4 Rf8 26. g5 Bd6 27. Qh5 Rd8 28. Qd1 Be7 29. Rxd8+ Nxd8 30. Qa4 Nc6 31. Kf2 Kg8 32. Ng1 Qc8 33. Ne2 Na5 34. Bd4 Kf7 35. Qb5 Nxc4 36. Qd5+ Qe6 37. Qxe6+ Kxe6 38. Bxg7 Kd5 39. h4 Bc5+ 40. Nd4 Nd6 41. Ke2 Bxd4 42. cxd4 Ne8 43. Be5 Ke6 44. h5 Kf7 45. d5 b5 46. Ke3 a6 47. Kd4 b4 48. Kc4 a5 49. Bd4 0-1

[Event "V Floripa Chess Open 2019"]
[Site "Florianopolis/SC"]
[Date "2019.01.23"]
[Round "4.109"]
[White "Cardoso, Andre Felipe De Lim"]
[Black "Teramoto, Anderson"]
[Result "1-0"]
[WhiteElo "1948"]
[BlackElo "1659"]
[PlyCount "43"]
[EventDate "2019.01.21"]
[EventRounds "10"]
[EventCountry "BRA"]

1. e4 c6 2. d4 d5 3. e5 Bf5 4. Bd3 Bg6 5. Bxg6 hxg6 6. e6 f6 7. Qd3 Qa5+ 8. c3 g5 9. Qg6+ Kd8 10. f4 Na6 11. fxg5 Kc7 12. Bf4+ Kb6 13. a4 c5 14. Nd2 c4 15. Ne2 Kc6 16. b4 cxb3 17. Nxb3 Qd8 18. Qd3 Qb6 19. Rb1 fxg5 20. Be5 Nf6 21. Nc5 Qa5 22. Qb5+ 1-0

[Event "V Floripa Chess Open 2019"]
[Site "Florianopolis/SC"]
[Date "2019.01.23"]
[Round "4.110"]
[White "Araujo, Renan Aparecido"]
[Black "Nasario, Rafael"]
[Result "1/2-1/2"]
[WhiteElo "1940"]
[BlackElo "1652"]
[PlyCount "64"]
[EventDate "2019.01.21"]
[EventRounds "10"]
[EventCountry "BRA"]

1. d4 Nf6 2. Bf4 g6 3. e3 Bg7 4. Nf3 O-O 5. h3 d5 6. Be2 c5 7. c3 b6 8. O-O Bb7 9. Nbd2 Nc6 10. Ne5 Nd7 11. Nxc6 Bxc6 12. Nf3 f6 13. c4 e5 14. cxd5 Bxd5 15. dxe5 Nxe5 16. Re1 Bf7 17. Qa4 Qe7 18. Red1 Rfd8 19. h4 Nxf3+ 20. Bxf3 Rac8 21. Qa6 Rxd1+ 22. Rxd1 Rd8 23. Rxd8+ Qxd8 24. Qxa7 f5 25. Bc7 Qd2 26. Qb8+ Bf8 27. g3 Bc4 28. Bg2 Qxb2 29. Kh2 Bxa2 30. Be5 Qd2 31. Qxb6 Qd7 32. Ba1 Be6 1/2-1/2

[Event "V Floripa Chess Open 2019"]
[Site "Florianopolis/SC"]
[Date "2019.01.23"]
[Round "4.111"]
[White "Zampronha, Vitor Luis"]
[Black "Guimaraes, Artemis Pamela"]
[Result "1/2-1/2"]
[WhiteElo "1593"]
[BlackElo "1938"]
[PlyCount "96"]
[EventDate "2019.01.21"]
[EventRounds "10"]
[EventCountry "BRA"]

1. e4 e5 2. Nf3 Nc6 3. Bc4 Nf6 4. Ng5 d5 5. exd5 Na5 6. Bb5+ c6 7. dxc6 bxc6 8. Be2 h6 9. Nf3 e4 10. Ne5 Bd6 11. d4 exd3 12. Nxd3 Qc7 13. b3 Bf5 14. Bb2 O-O-O 15. Nd2 Rhe8 16. O-O Bxh2+ 17. Kh1 Bd6 18. b4 Nb7 19. a3 h5 20. Bxf6 gxf6 21. Kg1 h4 22. Bg4 Qd7 23. Bxf5 Qxf5 24. Qf3 Qxf3 25. Nxf3 h3 26. g3 Rh8 27. Kh2 Rdg8 28. Ng1 Rh5 29. f4 Nd8 30. Nf3 Ne6 31. Nh4 Nd4 32. Kxh3 Nf5 33. Rg1 Bc7 34. c4 Rgh8 35. Kg2 Nxh4+ 36. gxh4 Rxh4 37. Rh1 Rxh1 38. Rxh1 Rd8 39. Rh3 Rd4 40. Nc5 Bxf4 41. Rh7 Rxc4 42. Rxf7 Be3 43. Rxf6 Bxc5 44. Rxc6+ Kb7 45. Rxc5 Rxc5 46. bxc5 Kc6 47. Kf2 Kxc5 48. Ke2 Kc4 1/2-1/2

[Event "V Floripa Chess Open 2019"]
[Site "Florianopolis/SC"]
[Date "2019.01.23"]
[Round "4.112"]
[White "Ribeiro, Regina"]
[Black "Neitzel, Jonatan"]
[Result "1-0"]
[WhiteElo "1936"]
[BlackElo "1639"]
[PlyCount "39"]
[EventDate "2019.01.21"]
[EventRounds "10"]
[EventCountry "BRA"]

1. Nf3 Nf6 2. g3 g6 3. Bg2 Bg7 4. c4 c5 5. O-O O-O 6. Nc3 Nc6 7. d4 cxd4 8. Nxd4 a6 9. e4 Qc7 10. Nc2 d6 11. Ne3 e6 12. Qd2 b6 13. b3 Bb7 14. Bb2 Rad8 15. Rac1 Ne7 16. Rfd1 Rd7 17. Qe2 Rfd8 18. Rd2 Ne8 19. Rcd1 Nf6 20. f4 1-0

[Event "V Floripa Chess Open 2019"]
[Site "Florianopolis/SC"]
[Date "2019.01.23"]
[Round "4.113"]
[White "Albiero, Marco Antonio Batis"]
[Black "Moro, Antonio Renato Pere"]
[Result "0-1"]
[WhiteElo "1565"]
[BlackElo "1923"]
[PlyCount "70"]
[EventDate "2019.01.21"]
[EventRounds "10"]
[EventCountry "BRA"]

1. e4 c5 2. Nf3 a6 3. d4 cxd4 4. Nxd4 Nf6 5. Nc3 d6 6. Be2 e5 7. Nb3 h6 8. Be3 Be6 9. O-O Be7 10. f4 Nc6 11. Qe1 b5 12. a3 Qc7 13. Qg3 b4 14. Nd5 Bxd5 15. exd5 Nxd5 16. fxe5 Nxe3 17. Qxe3 dxe5 18. Qe4 bxa3 19. bxa3 O-O 20. Bd3 g6 21. Bc4 Kg7 22. Kh1 f5 23. Qe2 a5 24. Bd5 a4 25. Nd2 Nd4 26. Qf2 Rad8 27. Bc4 Bc5 28. Nf3 Nb3 29. Qg3 f4 30. Qg4 Nxa1 31. Bd3 Rf6 32. Nh4 Rxd3 33. cxd3 Nb3 34. Qe2 Bxa3 35. Nf3 Bb4 0-1

[Event "V Floripa Chess Open 2019"]
[Site "Florianopolis/SC"]
[Date "2019.01.23"]
[Round "4.114"]
[White "Moura, Paulo Jorge Alves B"]
[Black "Ponte Junior, Jacinto"]
[Result "0-1"]
[WhiteElo "1916"]
[BlackElo "1645"]
[PlyCount "30"]
[EventDate "2019.01.21"]
[EventRounds "10"]
[EventCountry "BRA"]

1. d4 Nf6 2. c4 g6 3. Nc3 Bg7 4. e4 d6 5. f4 O-O 6. Nf3 c5 7. d5 e6 8. Bd3 exd5 9. cxd5 Re8 10. O-O a6 11. a4 Nbd7 12. Re1 c4 13. Bc2 Ng4 14. h3 Qb6+ 15. Nd4 Bxd4+ 0-1

[Event "V Floripa Chess Open 2019"]
[Site "Florianopolis/SC"]
[Date "2019.01.23"]
[Round "4.115"]
[White "De Sousa, Daniel Paiva"]
[Black "Ferrero, Carlos Federico"]
[Result "0-1"]
[WhiteElo "1539"]
[BlackElo "1916"]
[PlyCount "78"]
[EventDate "2019.01.21"]
[EventRounds "10"]
[EventCountry "BRA"]

1. c4 Nf6 2. Nc3 g6 3. g3 Bg7 4. Bg2 O-O 5. e4 d6 6. Nge2 c5 7. O-O Nc6 8. d3 Ne8 9. Rb1 Nc7 10. Nd5 Ne6 11. Be3 Ncd4 12. Nxd4 Nxd4 13. h3 e6 14. Nf4 Qa5 15. a3 Bd7 16. Ne2 Rab8 17. Nxd4 cxd4 18. Bd2 Qa4 19. Bb4 Qa6 20. f4 Rfe8 21. Qf3 Qb6 22. g4 f5 23. Qg3 Kh8 24. Rf2 Qc7 25. Rbf1 a5 26. Be1 b5 27. b3 bxc4 28. bxc4 Rb3 29. Ra2 d5 30. exd5 exd5 31. Bxd5 Re3 32. Rf3 Rbxd3 33. Rb2 Rxf3 34. Bxf3 fxg4 35. hxg4 Bc6 36. Rf2 Qe7 37. Bxa5 Qxa3 38. f5 Bxf3 39. f6 Bxf6 0-1

[Event "V Floripa Chess Open 2019"]
[Site "Florianopolis/SC"]
[Date "2019.01.23"]
[Round "4.116"]
[White "Kruger, Israel"]
[Black "Frattini, Beatriz Maria"]
[Result "1-0"]
[WhiteElo "1890"]
[BlackElo "1638"]
[PlyCount "103"]
[EventDate "2019.01.21"]
[EventRounds "10"]
[EventCountry "BRA"]

1. e4 c5 2. Nc3 a6 3. f4 e6 4. Nf3 b5 5. Qe2 Bb7 6. d3 Nf6 7. g3 Be7 8. Bg2 O-O 9. O-O d5 10. e5 Nfd7 11. Kh1 Nc6 12. Nd1 d4 13. Bd2 Nb6 14. Nf2 Nd5 15. Ne4 Qb6 16. g4 Rfd8 17. Nfg5 Ncb4 18. Bc1 Bxg5 19. Nxg5 Ne3 20. Bxe3 Bxg2+ 21. Kxg2 dxe3 22. a3 Nd5 23. c3 Ra7 24. Kg3 Rad7 25. Rad1 a5 26. Nf3 c4 27. Nd4 Qc5 28. dxc4 bxc4 29. a4 Nb6 30. Qxe3 Nxa4 31. Rd2 Rb8 32. Rff2 Rdb7 33. Qe4 g6 34. Nc6 Rc8 35. Nd4 Rcb8 36. Nc6 Rc8 37. Nxa5 Rxb2 38. Rxb2 Nxb2 39. Rxb2 Qxa5 40. Qd4 Qa1 41. Rd2 Qe1+ 42. Kg2 Kg7 43. Qf2 Qa1 44. Qe3 Ra8 45. f5 exf5 46. gxf5 gxf5 47. Qg5+ Kh8 48. Qf6+ Kg8 49. e6 fxe6 50. Kh3 Qf1+ 51. Rg2+ Qxg2+ 52. Kxg2 1-0

[Event "V Floripa Chess Open 2019"]
[Site "Florianopolis/SC"]
[Date "2019.01.23"]
[Round "4.117"]
[White "Rodrigues Mota, Romulo Cardoso S"]
[Black "Almeida, Heidy Jose Moreira "]
[Result "1-0"]
[WhiteElo "1494"]
[BlackElo "1886"]
[PlyCount "67"]
[EventDate "2019.01.21"]
[EventRounds "10"]
[EventCountry "BRA"]

1. e4 Nf6 2. Nc3 d5 3. e5 Nfd7 4. d4 e6 5. f4 c5 6. Nf3 Nc6 7. Be3 Qb6 8. Na4 Qa5+ 9. c3 cxd4 10. Nxd4 Nxd4 11. Bxd4 b5 12. b4 Qxa4 13. Qd3 a5 14. a3 axb4 15. cxb4 Bxb4+ 16. axb4 Qxb4+ 17. Qd2 Rxa1+ 18. Bxa1 Qb1+ 19. Qd1 Qe4+ 20. Be2 Qxf4 21. Qc2 O-O 22. g3 Qe3 23. Qd3 Qc1+ 24. Qd1 Qc5 25. Bd4 Qb4+ 26. Qd2 Qb1+ 27. Qd1 Qe4 28. O-O Ba6 29. Rf4 Qg6 30. Bd3 Qg5 31. Rg4 Qe7 32. Bxh7+ Kxh7 33. Rh4+ Qxh4 34. gxh4 1-0

[Event "V Floripa Chess Open 2019"]
[Site "Florianopolis/SC"]
[Date "2019.01.23"]
[Round "4.118"]
[White "Barbosa, Flavio Novais"]
[Black "Goncalves, Mateus"]
[Result "0-1"]
[WhiteElo "1886"]
[BlackElo "1580"]
[PlyCount "60"]
[EventDate "2019.01.21"]
[EventRounds "10"]
[EventCountry "BRA"]

1. d4 e6 2. Nf3 c5 3. c3 d5 4. Bf4 Nf6 5. e3 Bd6 6. Bg3 O-O 7. Nbd2 Nc6 8. Bd3 a6 9. Ne5 cxd4 10. exd4 Qc7 11. Ndf3 Ne4 12. Nxc6 bxc6 13. Bxe4 dxe4 14. Bxd6 Qxd6 15. Nd2 f5 16. O-O c5 17. dxc5 Qxc5 18. Nb3 Qc7 19. Qe2 Bb7 20. Rfd1 f4 21. Rd4 f3 22. Qc4 Qe5 23. Rd7 Bd5 24. Qc7 Qf6 25. Re1 fxg2 26. Qg3 h5 27. h4 Qh6 28. Qd6 e3 29. Re2 exf2+ 30. Rxf2 Qe3 0-1

[Event "V Floripa Chess Open 2019"]
[Site "Florianopolis/SC"]
[Date "2019.01.23"]
[Round "4.119"]
[White "Henriquetta, Rafael Stolf"]
[Black "Bracht, Rainer"]
[Result "0-1"]
[WhiteElo "1450"]
[BlackElo "1878"]
[PlyCount "71"]
[EventDate "2019.01.21"]
[EventRounds "10"]
[EventCountry "BRA"]

1. e4 d6 2. d4 Nf6 3. Nc3 g6 4. Nf3 Bg7 5. Be2 O-O 6. O-O Nbd7 7. h3 c5 8. Re1 cxd4 9. Nxd4 a6 10. a4 Ne5 11. Be3 Bd7 12. f4 Nc6 13. Qd2 Re8 14. Bf3 Nxd4 15. Bxd4 Bc6 16. g3 Qd7 17. Kh2 b5 18. axb5 axb5 19. Qe3 Qb7 20. Rxa8 Rxa8 21. Nd1 Ra4 22. c3 Ra2 23. Re2 Ra1 24. Bxf6 Bxf6 25. Nf2 Bg7 26. Nd3 d5 27. Nc5 Qa8 28. exd5 Bxd5 29. Bg2 e6 30. g4 Qa2 31. Bxd5 Qxd5 32. Rd2 Qh1+ 33. Kg3 h6 34. Rg2 Re1 35. Qf2 g5 36. Nd3 0-1

[Event "V Floripa Chess Open 2019"]
[Site "Florianopolis/SC"]
[Date "2019.01.23"]
[Round "4.120"]
[White "Pimenta, Mauri Moriggi"]
[Black "Dias, Joao Batista"]
[Result "0-1"]
[WhiteElo "1266"]
[BlackElo "1873"]
[PlyCount "78"]
[EventDate "2019.01.21"]
[EventRounds "10"]
[EventCountry "BRA"]

1. d4 d5 2. b3 Nf6 3. Bb2 Bf5 4. Nf3 e6 5. a3 Nbd7 6. e3 Bd6 7. Bd3 Bg4 8. Nbd2 Bh5 9. Be2 c6 10. O-O O-O 11. Ne5 Bxe2 12. Qxe2 Qc7 13. f4 c5 14. c4 cxd4 15. exd4 Rac8 16. Rac1 Qd8 17. c5 Bb8 18. b4 a6 19. Qf2 Ne8 20. Nb3 Ndf6 21. Na5 Ne4 22. Qe2 Qc7 23. c6 b6 24. Nb7 N8d6 25. Qxa6 f6 26. Nd7 Nc4 27. Bc3 Qxc6 28. Nxf8 Rxf8 29. b5 Qc7 30. Bb4 Rf7 31. a4 Qxb7 32. Qxb7 Rxb7 33. g3 Ra7 34. Ra1 Bc7 35. Ra2 f5 36. Rfa1 Bd8 37. Kg2 Bf6 38. Rd1 Ne3+ 39. Kh3 Nxd1 0-1

[Event "V Floripa Chess Open 2019"]
[Site "Florianopolis/SC"]
[Date "2019.01.23"]
[Round "4.121"]
[White "Jardim, Tamiris Salvador"]
[Black "Felix, Raimundo Nascimento"]
[Result "0-1"]
[WhiteElo "1253"]
[BlackElo "1859"]
[PlyCount "158"]
[EventDate "2019.01.21"]
[EventRounds "10"]
[EventCountry "BRA"]

1. e4 d6 2. d4 g6 3. Nf3 Bg7 4. Bc4 c6 5. a4 Nf6 6. Nc3 d5 7. exd5 cxd5 8. Bb5+ Bd7 9. Bxd7+ Nbxd7 10. Be3 Qb6 11. b3 Rc8 12. Qd2 a6 13. O-O Qb4 14. Na2 Qxd2 15. Bxd2 Rxc2 16. Rfc1 Rxc1+ 17. Rxc1 O-O 18. Rc7 b6 19. Nb4 a5 20. Nxd5 Nxd5 21. Rxd7 e6 22. g3 Rc8 23. h4 f6 24. Kg2 Bf8 25. Kh3 h5 26. Kg2 Be7 27. Rb7 Kf7 28. Bh6 Rc3 29. Nd2 Ke8 30. Nc4 Rxb3 31. Nxa5 Ra3 32. Nc6 Rxa4 33. Nxe7 Nxe7 34. Rxb6 Kd7 35. Rb7+ Ke8 36. Rb8+ Kd7 37. Rb7+ Kd8 38. Bf8 Nf5 39. Rf7 Rxd4 40. Rxf6 Ke8 41. Bc5 Rg4 42. Rxe6+ Kf7 43. Ra6 Nxh4+ 44. Kf1 Nf5 45. Ke2 Rc4 46. Ra7+ Kf6 47. Ra6+ Kf7 48. Ra7+ Ke6 49. Be3 Rc6 50. Ra4 Nd6 51. Bg5 Nc4 52. Ra8 Kf5 53. Bh4 g5 54. Rf8+ Rf6 55. g4+ hxg4 56. Rxf6+ Kxf6 57. Bg3 Kf5 58. Kd3 Nb6 59. Kd4 Nd7 60. Kd5 Nf6+ 61. Kd4 Ne4 62. Kd3 Nf6 63. Kd4 Nh5 64. Kd3 Nf4+ 65. Kd2 Ke4 66. Ke1 Kf3 67. Kf1 Nd3 68. Kg1 Ke2 69. Kg2 Ne1+ 70. Kg1 Nf3+ 71. Kg2 Nh4+ 72. Kg1 Kf3 73. Kf1 Nf5 74. Bh2 Nd4 75. Bg3 Ne2 76. Bh2 Nc3 77. Bg3 Ne4 78. Bh2 Nxf2 79. Be5 Nh3 0-1

[Event "V Floripa Chess Open 2019"]
[Site "Florianopolis/SC"]
[Date "2019.01.23"]
[Round "4.122"]
[White "Serafim Junior, Arnor"]
[Black "Germano, Paulo Roberto"]
[Result "1-0"]
[WhiteElo "1857"]
[BlackElo "1566"]
[PlyCount "66"]
[EventDate "2019.01.21"]
[EventRounds "10"]
[EventCountry "BRA"]

1. c4 g6 2. Nc3 Bg7 3. g3 b6 4. Bg2 c6 5. d4 e6 6. e4 Ne7 7. Nge2 O-O 8. Bg5 f6 9. Be3 Na6 10. Qd2 Bb7 11. h4 d5 12. cxd5 cxd5 13. Nf4 Nc7 14. Bh3 f5 15. e5 Ba6 16. a4 Qd7 17. Nd3 Nc6 18. Rb1 Kf7 19. b4 Bc4 20. Bg2 Rh8 21. Bf3 h6 22. Bd1 Rh7 23. Nb2 b5 24. axb5 Bxb5 25. Nxb5 Nxb5 26. Na4 Bf8 27. Nc5 Bxc5 28. bxc5 Rb8 29. Ba4 a6 30. O-O Rb7 31. Rb2 Rh8 32. Rfb1 Rhb8 33. Qd3 Nca7 1-0

[Event "V Floripa Chess Open 2019"]
[Site "Florianopolis/SC"]
[Date "2019.01.23"]
[Round "4.123"]
[White "Mesquita, Guilherme"]
[Black "Sato, Claudio Takeshi"]
[Result "1-0"]
[WhiteElo "1850"]
[BlackElo "1560"]
[PlyCount "32"]
[EventDate "2019.01.21"]
[EventRounds "10"]
[EventCountry "BRA"]

1. e4 e6 2. d4 d5 3. e5 c5 4. dxc5 Bxc5 5. Qg4 Kf8 6. Nc3 Nc6 7. Bf4 Nge7 8. Bd3 Bxf2+ 9. Kxf2 Qb6+ 10. Kg3 Qxb2 11. Nge2 Ng6 12. Rhf1 Ncxe5 13. Bxe5 Nxe5 14. Qf4 h5 15. Qxe5 g5 16. Qxh8+ Ke7 1-0

[Event "V Floripa Chess Open 2019"]
[Site "Florianopolis/SC"]
[Date "2019.01.23"]
[Round "4.124"]
[White "Fernandez, Tatiane Cristina Co"]
[Black "Leite, Tarcisio Dantas Fro"]
[Result "1-0"]
[WhiteElo "1835"]
[BlackElo "1546"]
[PlyCount "145"]
[EventDate "2019.01.21"]
[EventRounds "10"]
[EventCountry "BRA"]

1. e4 d6 2. Nc3 Nf6 3. f4 c5 4. Nf3 Nc6 5. Bb5 e6 6. Bxc6+ bxc6 7. O-O Be7 8. d3 O-O 9. Qe1 Qc7 10. Bd2 a5 11. e5 Nd5 12. exd6 Bxd6 13. g3 Bd7 14. Ne4 Be7 15. Ne5 Bc8 16. Qf2 f6 17. Nc4 Qa7 18. Nxa5 Bd7 19. Nb3 c4 20. Qxa7 Rxa7 21. dxc4 Nb4 22. a3 Nxc2 23. Rac1 Rb8 24. Rxc2 Rxb3 25. Bc3 Be8 26. Re2 Bf7 27. Rfe1 e5 28. Nd2 Rxc3 29. bxc3 Bc5+ 30. Kg2 exf4 31. gxf4 Rxa3 32. Ne4 Bxc4 33. Nxc5 Bxe2 34. Rxe2 Rxc3 35. Ne4 Ra3 36. Nd6 h6 37. Nf5 Ra7 38. Ne7+ Kf7 39. Nxc6 Rc7 40. Nd8+ Kg6 41. Ne6 Ra7 42. Rf2 f5 43. Nd4 Kf6 44. Re2 Ra6 45. Re5 g6 46. h4 Ra2+ 47. Kg3 Ra3+ 48. Nf3 Ra2 49. Rb5 Ra3 50. Rb6+ Kg7 51. Rb7+ Kg8 52. Re7 Rc3 53. Kf2 Rc2+ 54. Ke3 Rg2 55. Rd7 Rg3 56. Rd5 Kg7 57. Rd3 Kf6 58. Rd7 g5 59. fxg5+ hxg5 60. hxg5+ Kg6 61. Rd6+ Kg7 62. Kf4 Rh3 63. Rf6 Rh1 64. Kxf5 Rf1 65. Ke6 Rf2 66. g6 Re2+ 67. Ne5 Rg2 68. Rf7+ Kg8 69. Ke7 Rf2 70. Ng4 Re2+ 71. Kf6 Re8 72. Nh6+ Kh8 73. Rh7# 1-0

[Event "V Floripa Chess Open 2019"]
[Site "Florianopolis/SC"]
[Date "2019.01.23"]
[Round "4.125"]
[White "Andrade, Leo Pasqualini De"]
[Black "Kim, Thiago"]
[Result "1/2-1/2"]
[WhiteElo "1828"]
[BlackElo "1508"]
[PlyCount "36"]
[EventDate "2019.01.21"]
[EventRounds "10"]
[EventCountry "BRA"]

1. Nc3 Nf6 2. e4 e5 3. f4 d6 4. Nf3 Bg4 5. Bc4 Nc6 6. h3 Bxf3 7. Qxf3 Nd4 8. Qd1 Be7 9. d3 a6 10. a4 Nd7 11. O-O O-O 12. Nd5 exf4 13. Bxf4 Ne6 14. Nxe7+ Qxe7 15. Qg4 Nxf4 16. Qxf4 Ne5 17. Bb3 Ng6 18. Qf5 Nh4 1/2-1/2

[Event "V Floripa Chess Open 2019"]
[Site "Florianopolis/SC"]
[Date "2019.01.23"]
[Round "4.126"]
[White "Predebon, Eduardo Angonesi"]
[Black "Lima, Aine Carolina"]
[Result "1/2-1/2"]
[WhiteElo "1825"]
[BlackElo "1502"]
[PlyCount "45"]
[EventDate "2019.01.21"]
[EventRounds "10"]
[EventCountry "BRA"]

1. e4 c5 2. Ne2 d6 3. Nbc3 Nf6 4. g3 g6 5. Bg2 Bg7 6. O-O Nc6 7. d3 O-O 8. h3 Rb8 9. a4 a6 10. Be3 e6 11. f4 Qc7 12. g4 b5 13. axb5 axb5 14. Ng3 b4 15. Nce2 Bd7 16. f5 Ne8 17. c3 bxc3 18. bxc3 Ne7 19. Bg5 f6 20. Be3 exf5 21. exf5 gxf5 22. gxf5 Qc8 23. Nf4 1/2-1/2